[Event "DEN-chT 2324 61st"]
[Site "Denmark"]
[Date "2024.04.06"]
[Round "8.8"]
[White "Ejsing, Esben"]
[Black "Moller, Morten Kock"]
[Result "1-0"]
[WhiteElo "2074"]
[BlackElo "2227"]
[PlyCount "75"]
[EventDate "2023.10.28"]
[EventType "team-tourn"]
[EventRounds "9"]
[EventCountry "DEN"]
[SourceTitle "EXT 2025"]
[Source "ChessBase"]
[SourceDate "2024.10.14"]
[SourceVersion "1"]
[SourceVersionDate "2024.10.14"]
[SourceQuality "1"]
[WhiteTeam "Nordkalotten"]
[BlackTeam "Copenhagen 68"]
[WhiteTeamCountry "DEN"]
[BlackTeamCountry "DEN"]

1. c4 f5 2. d4 e6 3. g3 Nf6 4. Bg2 Be7 5. Nc3 0-0 6. Nh3 d6 7. 0-0 c6 8. b4 e5 9. e3 Kh8 10. Bb2 Qe8 11. b5 e4 12. bxc6 bxc6 13. f3 d5 14. cxd5 cxd5 15. Nf4 Qd7 16. fxe4 dxe4 17. d5 Ba6 18. Ne6 Bxf1 19. Qxf1 Rf7 20. Qxf5 Bc5 21. Rf1 Bxe3+ 22. Kh1 Na6 23. Nxe4 Nxe4 24. Qxf7 Qxf7 25. Rxf7 Nf2+ 26. Rxf2 Bxf2 27. d6 Rb8 28. d7 Bb6 29. Bxg7+ Kg8 30. Be5 Rd8 31. Nxd8 Bxd8 32. Bd5+ Kf8 33. Bb7 Nc7 34. Be4 h5 35. Bf3 h4 36. gxh4 Ke7 37. h5 Kxd7 38. h6 1-0

[Event "DEN-chT 2324 61st"]
[Site "Denmark"]
[Date "2024.01.27"]
[Round "5.8"]
[White "Ejsing, Esben"]
[Black "Easwaralingam, Adesh"]
[Result "0-1"]
[WhiteElo "2074"]
[BlackElo "2156"]
[PlyCount "92"]
[EventDate "2023.10.28"]
[EventType "team-tourn"]
[EventRounds "9"]
[EventCountry "DEN"]
[SourceTitle "CBM 219 Extra"]
[Source "ChessBase"]
[SourceDate "2024.05.31"]
[SourceVersion "1"]
[SourceVersionDate "2024.05.31"]
[SourceQuality "1"]
[WhiteTeam "Nordkalotten"]
[BlackTeam "Fredericia"]
[WhiteTeamCountry "DEN"]
[BlackTeamCountry "DEN"]

1. d4 Nf6 2. Nf3 d5 3. g3 e6 4. Bg2 Be7 5. 0-0 0-0 6. c4 dxc4 7. Qc2 a6 8. a4 Bd7 9. a5 Bc6 10. Na3 Be4 11. Qxc4 b5 12. axb6 cxb6 13. Qb3 Nc6 14. e3 b5 15. Bd2 Bd5 16. Qd3 Qb6 17. Rfc1 Rfd8 18. Qf1 Ne4 19. Qe1 Nxd2 20. Nxd2 Bxg2 21. Kxg2 e5 22. Nb3 Bb4 23. Qe2 exd4 24. Nxd4 Nxd4 25. exd4 Qxd4 26. Rd1 Qf6 27. Qe4 Qe7 28. Qf3 Rac8 29. Rd5 Rxd5 30. Qxd5 Qc5 31. Qb7 Qc6+ 32. Qxc6 Rxc6 33. Rd1 g6 34. Rd8+ Kg7 35. Ra8 Kf6 36. g4 Kg5 37. h3 h5 38. gxh5 Kxh5 39. Ra7 Rf6 40. Rc7 Ba5 41. Rd7 Bb6 42. f3 Re6 43. Kg3 Re2 44. Nb1 Bf2+ 45. Kf4 Bg1 46. Nc3 Bh2# 0-1

[Event "DEN-chT 2223 60th"]
[Site "Denmark"]
[Date "2023.03.25"]
[Round "8.1"]
[White "Skou, Niels"]
[Black "Ejsing, Esben"]
[Result "1-0"]
[WhiteElo "2110"]
[BlackElo "2116"]
[PlyCount "101"]
[EventDate "2022.10.29"]
[EventType "team-tourn"]
[EventRounds "9"]
[EventCountry "DEN"]
[SourceTitle "CBM 213 Extra"]
[Source "ChessBase"]
[SourceDate "2023.05.31"]
[SourceVersion "1"]
[SourceVersionDate "2023.05.31"]
[SourceQuality "1"]
[WhiteTeam "Obro"]
[BlackTeam "Nordkalotten"]
[WhiteTeamCountry "DEN"]
[BlackTeamCountry "DEN"]

1. d4 Nf6 2. c4 e6 3. Nc3 Bb4 4. e3 c5 5. Bd2 0-0 6. Nf3 b6 7. Bd3 cxd4 8. exd4 Bb7 9. 0-0 d5 10. Rc1 dxc4 11. Bxc4 Nc6 12. a3 Be7 13. Bf4 Rc8 14. Ba2 Na5 15. Qd3 Bd6 16. Bg5 h6 17. Bh4 Re8 18. Rfe1 Bf4 19. Rcd1 g5 20. Bg3 Bxg3 21. hxg3 Kg7 22. Nd2 Nd5 23. Bb1 f5 24. Rc1 Nxc3 25. Rxc3 Qd5 26. Nf3 Rxc3 27. Qxc3 Rc8 28. Qb4 Nc6 29. Qd2 Rd8 30. Kh2 Kf6 31. b4 Nxd4 32. Qb2 e5 33. Re3 e4 34. Ba2 Qd6 35. Nxd4 Qxd4 36. Rc3 Ke5 37. Qc1 Qd2 38. Qa1 Qd4 39. Qc1 Qd2 40. Qa1 Rd4 41. Rc7 Bd5 42. Bxd5 Kxd5 43. Qf1 Rd3 44. Rxa7 f4 45. Rf7 Ke6 46. Rh7 e3 47. Rxh6+ Kf5 48. fxe3 Rxe3 49. gxf4 Re1 50. Qb5+ Kxf4 51. Rf6+ 1-0

[Event "Nordkalottens Rapid"]
[Site "Gilleleje"]
[Date "2022.11.06"]
[Round "4"]
[White "Ejsing, Esben"]
[Black "Hansen, Sune Berg"]
[Result "0-1"]
[WhiteElo "2116"]
[BlackElo "2532"]
[PlyCount "56"]
[EventDate "2022.11.06"]
[EventType "tourn (rapid)"]
[EventRounds "7"]
[EventCountry "DEN"]
[EventCategory "3"]
[SourceTitle "CBM 211 Extra"]
[Source "ChessBase"]
[SourceDate "2023.01.31"]
[SourceVersion "1"]
[SourceVersionDate "2023.01.31"]
[SourceQuality "1"]

1. Nf3 Nf6 2. g3 g6 3. Bg2 Bg7 4. d4 0-0 5. 0-0 d6 6. Re1 Nbd7 7. e4 e5 8. Nc3 Re8 9. a4 c6 10. b3 Qc7 11. Ba3 Bf8 12. Qd2 Rb8 13. a5 b5 14. axb6 axb6 15. d5 b5 16. dxc6 Qxc6 17. Nd5 Bb7 18. Rad1 Nxd5 19. exd5 Qb6 20. Bb4 Nf6 21. Ng5 Rbc8 22. Kh1 h6 23. Nh3 Bg7 24. f4 e4 25. f5 g5 26. Nxg5 hxg5 27. Qxg5 Rxc2 28. Bxe4 Rxe4 0-1

[Event "Nordkalottens Rapid"]
[Site "Gilleleje"]
[Date "2022.11.06"]
[Round "3"]
[White "Hector, Jonny"]
[Black "Ejsing, Esben"]
[Result "1/2-1/2"]
[WhiteElo "2447"]
[BlackElo "2116"]
[PlyCount "118"]
[EventDate "2022.11.06"]
[EventType "tourn (rapid)"]
[EventRounds "7"]
[EventCountry "DEN"]
[EventCategory "3"]
[SourceTitle "CBM 211 Extra"]
[Source "ChessBase"]
[SourceDate "2023.01.31"]
[SourceVersion "1"]
[SourceVersionDate "2023.01.31"]
[SourceQuality "1"]

1. e4 c5 2. Nf3 e6 3. d4 cxd4 4. Nxd4 d6 5. Nc3 a6 6. g4 b5 7. Bg2 Bb7 8. 0-0 Nd7 9. a4 b4 10. Na2 Ngf6 11. Re1 Nc5 12. Nxb4 Qb6 13. Nd5 exd5 14. exd5+ Kd7 15. a5 Qb4 16. c3 Qc4 17. g5 Nxd5 18. Bf1 Ne3 19. Bxe3 Qd5 20. Qg4+ Ne6 21. f3 Be7 22. c4 Qe5 23. f4 Qe4 24. Bg2 Qxg2+ 25. Qxg2 Bxg2 26. Kxg2 Rab8 27. Rab1 h6 28. h4 hxg5 29. hxg5 Nxd4 30. Bxd4 Rh4 31. Be3 Rb3 32. Kg3 Rh8 33. Re2 Rc8 34. Rc1 d5 35. Rd1 Rxc4 36. Rxd5+ Kc6 37. Rdd2 Bc5 38. Kf3 f5 39. Rd8 Kc7 40. Re8 Kd6 41. Re5 g6 42. Re8 Kd7 43. Re5 Kd6 44. Kg2 Bxe3 45. R5xe3 Rxe3 46. Rxe3 Rxf4 47. Rb3 Rg4+ 48. Kf3 Rxg5 49. Rb6+ Kc5 50. Rxa6 Kb5 51. Ra8 Rg1 52. a6 Kb6 53. b4 g5 54. a7 Kb7 55. Rf8 Kxa7 56. Rxf5 Kb6 57. b5 g4+ 58. Kf2 Rb1 59. Rg5 Rxb5 1/2-1/2

[Event "Nordkalottens Rapid"]
[Site "Gilleleje"]
[Date "2022.11.06"]
[Round "1"]
[White "Sylvan, Jacob"]
[Black "Ejsing, Esben"]
[Result "1-0"]
[WhiteElo "2316"]
[BlackElo "2116"]
[PlyCount "73"]
[EventDate "2022.11.06"]
[EventType "tourn (rapid)"]
[EventRounds "7"]
[EventCountry "DEN"]
[EventCategory "3"]
[SourceTitle "CBM 211 Extra"]
[Source "ChessBase"]
[SourceDate "2023.01.31"]
[SourceVersion "1"]
[SourceVersionDate "2023.01.31"]
[SourceQuality "1"]

1. d4 Nf6 2. Nf3 e6 3. g3 b6 4. Bg2 Bb7 5. 0-0 Be7 6. c4 0-0 7. Nc3 c5 8. d5 exd5 9. cxd5 d6 10. a4 Na6 11. e4 Nb4 12. Re1 Re8 13. h3 a6 14. Bf4 Nh5 15. Be3 g6 16. e5 Ng7 17. g4 b5 18. axb5 axb5 19. Rxa8 Bxa8 20. Bf4 c4 21. exd6 Bf6 22. Ne5 Bxe5 23. Rxe5 Nd3 24. Rxe8+ Nxe8 25. Bg3 b4 26. Nb5 Bb7 27. Qa1 Nf6 28. Nc7 Nd7 29. Qa7 N7c5 30. Ne6 Qa8 31. Qxa8+ Bxa8 32. Nxc5 Nxc5 33. Be5 Kf8 34. Kf1 Ke8 35. g5 Kd7 36. h4 Nd3 37. Bh3+ 1-0

[Event "DEN-chT 2122 59th"]
[Site "Denmark"]
[Date "2022.03.19"]
[Round "8.2"]
[White "Simkin, Mark"]
[Black "Ejsing, Esben"]
[Result "0-1"]
[WhiteElo "2096"]
[BlackElo "2127"]
[PlyCount "134"]
[EventDate "2021.10.30"]
[EventType "team-tourn"]
[EventRounds "9"]
[EventCountry "DEN"]
[SourceTitle "EXT 2023"]
[Source "ChessBase"]
[SourceDate "2022.10.05"]
[SourceVersion "1"]
[SourceVersionDate "2022.10.05"]
[SourceQuality "1"]
[WhiteTeam "Copenhagen 68"]
[BlackTeam "Nordkallotten"]
[WhiteTeamCountry "DEN"]
[BlackTeamCountry "DEN"]

1. e4 c5 2. Nf3 d6 3. d4 cxd4 4. Nxd4 Nf6 5. Nc3 a6 6. Bg5 e6 7. f4 Nbd7 8. Bc4 b5 9. Bb3 Bb7 10. f5 e5 11. Nf3 Be7 12. Bxf6 Nxf6 13. Qd3 Rc8 14. 0-0-0 Rc5 15. Bxf7+ Kxf7 16. Ng5+ Ke8 17. Ne6 Qc8 18. Nxc5 Qxc5 19. Rde1 Kd7 20. a3 Rc8 21. g4 Qd4 22. Qf3 Rc4 23. Rd1 Qc5 24. Rhe1 b4 25. axb4 Qxb4 26. g5 Nxe4 27. f6 gxf6 28. Qf5+ Ke8 29. gxf6 Nxf6 30. Rg1 Bc8 31. Qf1 Bg4 32. Rd3 Rf4 33. Qg2 e4 34. Rg3 Qd4 35. Rf1 Bf3 36. Qh3 Bg4 37. Qg2 Qe5 38. Re1 d5 39. Ne2 Bf3 40. Qg1 Rh4 41. Nd4 Bg4 42. Nc6 Qf4+ 43. Kb1 Bd6 44. Rf1 Bf3 45. Qb6 Rg4 46. Qd8+ Kf7 47. Rxg4 Nxg4 48. Qd7+ Kg6 49. h3 Ne3 50. Rg1+ Ng2 51. Nd4 Qf6 52. Qe8+ Kh6 53. Qc6 Qxd4 54. Qxd6+ Kh5 55. Qh2 Qg7 56. Qd6 e3 57. Qa3 d4 58. Qc5+ Kh4 59. Qf5 Bb7 60. Qe6 Kg3 61. Qd6+ Kf2 62. Rd1 e2 63. Rxd4 e1Q+ 64. Rd1 Qe3 65. Qh2 Ke2 66. Qh1 Qf2 67. Rc1 Ne3 0-1

[Event "DEN-chT 2122 59th"]
[Site "Denmark"]
[Date "2021.10.31"]
[Round "2.4"]
[White "Ejsing, Esben"]
[Black "Larsen, Jonas Chul Bistrup"]
[Result "1-0"]
[WhiteElo "2127"]
[BlackElo "1802"]
[PlyCount "65"]
[EventDate "2021.10.30"]
[EventType "team-tourn"]
[EventRounds "9"]
[EventCountry "DEN"]
[SourceTitle "CBM 204 Extra"]
[Source "ChessBase"]
[SourceDate "2021.11.30"]
[SourceVersion "1"]
[SourceVersionDate "2021.11.30"]
[SourceQuality "1"]
[WhiteTeam "Nordkallotten"]
[BlackTeam "Skanderborg Nordea"]
[WhiteTeamCountry "DEN"]
[BlackTeamCountry "DEN"]

1. c4 c5 2. Nf3 Nc6 3. g3 g6 4. Bg2 Bg7 5. 0-0 d6 6. Nc3 e5 7. a3 Be6 8. d3 h6 9. Rb1 f5 10. e4 Nf6 11. Nh4 Kf7 12. exf5 Bxf5 13. Nxf5 gxf5 14. f4 Qd7 15. Nd5 h5 16. fxe5 Nxe5 17. b4 Rab8 18. Rb2 h4 19. Rbf2 hxg3 20. hxg3 Nxd5 21. Bxd5+ Ke7 22. bxc5 Rh3 23. Bf4 Rbh8 24. d4 Ng4 25. Rb2 dxc5 26. Re2+ Kf8 27. dxc5 Bf6 28. Bd6+ Kg7 29. Bg2 Qf7 30. Rxf5 Qxc4 31. Rf4 Qc3 32. Rxg4+ Kf7 33. Qd5# 1-0

[Event "DEN-chT 1920 58th"]
[Site "Denmark"]
[Date "2020.01.12"]
[Round "5.8"]
[White "Ejsing, Esben"]
[Black "Brorsen, Jacob Abildlund"]
[Result "0-1"]
[WhiteElo "2149"]
[BlackElo "2164"]
[PlyCount "52"]
[EventDate "2019.11.23"]
[EventType "team-tourn"]
[EventRounds "9"]
[EventCountry "DEN"]
[SourceTitle "CBM 194 Extra"]
[Source "ChessBase"]
[SourceDate "2020.03.31"]
[SourceVersion "1"]
[SourceVersionDate "2020.03.31"]
[SourceQuality "1"]
[WhiteTeam "Nordkallotten"]
[BlackTeam "Ballerup"]
[WhiteTeamCountry "DEN"]
[BlackTeamCountry "DEN"]

1. Nf3 c5 2. b3 d5 3. Bb2 Nf6 4. e3 Nc6 5. Bb5 Bd7 6. c4 Nb4 7. Ne5 Bxb5 8. cxb5 d4 9. a3 Nbd5 10. 0-0 dxe3 11. dxe3 e6 12. Nd2 Be7 13. Ndc4 0-0 14. Qf3 Nd7 15. Rfd1 Nxe5 16. Bxe5 Qe8 17. e4 f6 18. Bb2 Nc7 19. b6 axb6 20. Nxb6 Ra6 21. Nd7 Rf7 22. Rd3 e5 23. Rad1 Ne6 24. b4 c4 25. Rd5 Nf4 26. Rb5 Bd6 0-1

[Event "DEN-chT 1920 58th"]
[Site "Denmark"]
[Date "2019.11.24"]
[Round "2.8"]
[White "Ejsing, Esben"]
[Black "Pedersen, Jan Rode"]
[Result "1-0"]
[WhiteElo "2149"]
[BlackElo "2165"]
[PlyCount "103"]
[EventDate "2019.11.23"]
[EventType "team-tourn"]
[EventRounds "9"]
[EventCountry "DEN"]
[SourceTitle "CBM 193 Extra"]
[Source "ChessBase"]
[SourceDate "2020.01.31"]
[SourceVersion "1"]
[SourceVersionDate "2020.01.31"]
[SourceQuality "1"]
[WhiteTeam "Nordkallotten"]
[BlackTeam "Skanderborg Nordea"]
[WhiteTeamCountry "DEN"]
[BlackTeamCountry "DEN"]

1. g3 c5 2. Bg2 g6 3. e4 Bg7 4. d3 Nc6 5. f4 d6 6. Nf3 e6 7. c3 Nge7 8. Be3 0-0 9. h4 b6 10. h5 d5 11. e5 Ba6 12. Bf2 Rc8 13. Na3 d4 14. c4 b5 15. Kf1 bxc4 16. Nxc4 Nb4 17. Ng5 Nf5 18. Be4 Nd5 19. Kg1 Bxc4 20. dxc4 Nde3 21. Qf3 h6 22. Nh3 Nxc4 23. hxg6 fxg6 24. Qb3 Nce3 25. Qxe6+ Rf7 26. Qxg6 Qb6 27. Qxb6 axb6 28. g4 Nxg4 29. Bd5 Rd8 30. Bxf7+ Kxf7 31. Kg2 Ke6 32. Kf3 Nxf2 33. Nxf2 Kd5 34. a4 Rf8 35. Ng4 Ra8 36. b3 Ke6 37. Nf2 Rf8 38. Nd3 Kd5 39. a5 b5 40. a6 Ra8 41. Rh5 Ne7 42. e6+ Kxe6 43. Rxc5 b4 44. a7 Kd7 45. Ra6 Nc8 46. Nxb4 Rxa7 47. Rd5+ Ke8 48. Rxa7 Nxa7 49. Nc2 Nc8 50. Ke4 Ne7 51. Rd6 Nc8 52. Ra6 1-0

[Event "DEN-chT 1718 56th"]
[Site "Denmark"]
[Date "2017.11.19"]
[Round "2.3"]
[White "Ejsing, Esben"]
[Black "Grubert, Christian"]
[Result "1-0"]
[WhiteElo "2161"]
[BlackElo "2156"]
[PlyCount "91"]
[EventDate "2017.11.18"]
[EventType "team-tourn"]
[EventRounds "9"]
[EventCountry "DEN"]
[SourceTitle "CBM 181 Extra"]
[Source "ChessBase"]
[SourceDate "2017.12.12"]
[SourceVersion "1"]
[SourceVersionDate "2017.12.12"]
[SourceQuality "1"]
[WhiteTeam "Nordkalotten"]
[BlackTeam "Jetsmark"]
[WhiteTeamCountry "DEN"]
[BlackTeamCountry "DEN"]

1. e4 c5 2. d3 g6 3. g3 Bg7 4. Bg2 Nc6 5. f4 d6 6. Nf3 Nf6 7. 0-0 0-0 8. c3 e5 9. Na3 Bg4 10. h3 Bxf3 11. Qxf3 exf4 12. gxf4 Qd7 13. Nc4 Rad8 14. Ne3 Nh5 15. Bd2 Ne7 16. f5 Nf6 17. Ng4 d5 18. Nxf6+ Bxf6 19. Bh6 dxe4 20. dxe4 Nc6 21. Bxf8 Rxf8 22. fxg6 fxg6 23. e5 Nxe5 24. Qxb7 Qxb7 25. Bxb7 Kg7 26. b3 g5 27. Rad1 Rf7 28. Bd5 Rc7 29. Be6 Re7 30. Bf5 c4 31. b4 h5 32. b5 Rb7 33. a4 Rb6 34. Rd5 a6 35. bxa6 Rxa6 36. a5 g4 37. Kg2 Kh6 38. Bc8 gxh3+ 39. Kxh3 Rc6 40. Rxf6+ Rxf6 41. Rxe5 Rf3+ 42. Kh4 Rxc3 43. a6 Ra3 44. Rc5 c3 45. Rc6+ Kg7 46. Kxh5 1-0

[Event "EU-Cup 33rd"]
[Site "Antalya"]
[Date "2017.10.09"]
[Round "2.6"]
[White "Ejsing, Esben"]
[Black "Olkhovskiy, Alexander"]
[Result "0-1"]
[WhiteElo "2180"]
[BlackElo "2133"]
[PlyCount "74"]
[EventDate "2017.10.08"]
[EventType "team-swiss"]
[EventRounds "7"]
[EventCountry "TUR"]
[SourceTitle "CBM 181"]
[Source "ChessBase"]
[SourceDate "2017.11.10"]
[SourceVersion "1"]
[SourceVersionDate "2017.11.10"]
[SourceQuality "1"]
[WhiteTeam "Nordkalotten"]
[BlackTeam "Makabi LSK"]
[WhiteTeamCountry "DEN"]
[BlackTeamCountry "LTU"]

1. d4 Nf6 2. Nf3 e6 3. c4 Bb4+ 4. Bd2 Qe7 5. g3 Bxd2+ 6. Qxd2 d6 7. Nc3 0-0 8. Bg2 e5 9. 0-0 Re8 10. e4 Bg4 11. d5 c5 12. Nh4 Nbd7 13. f3 Bh5 14. Nf5 Qf8 15. Nb5 Bg6 16. Nbxd6 Reb8 17. Nb5 a6 18. Nc3 Bxf5 19. exf5 b5 20. d6 Rb6 21. Rad1 bxc4 22. Nd5 Nxd5 23. Qxd5 Rxb2 24. f4 Re8 25. Rfe1 exf4 26. Qc6 Rd8 27. Re7 c3 28. Ree1 c2 29. Rc1 fxg3 30. Bd5 gxh2+ 31. Kg2 Nf6 32. Re7 Nxd5 33. Qxd5 Rb1 34. Ree1 Rxd6 35. Qe4 Rd2+ 36. Kh3 Rxc1 37. Rxc1 Rd1 0-1

[Event "EU-Cup 32nd"]
[Site "Novi Sad"]
[Date "2016.11.11"]
[Round "6.5"]
[White "Ejsing, Esben"]
[Black "Hynninen, Juha"]
[Result "0-1"]
[WhiteElo "2205"]
[BlackElo "2220"]
[PlyCount "62"]
[EventDate "2016.11.06"]
[EventType "team-swiss"]
[EventRounds "7"]
[EventCountry "SRB"]
[SourceTitle "CBM 176"]
[Source "ChessBase"]
[SourceDate "2017.01.17"]
[SourceVersion "1"]
[SourceVersionDate "2017.01.17"]
[SourceQuality "1"]
[WhiteTeam "Nordkalotten"]
[BlackTeam "Salon Shakkikerho"]
[WhiteTeamCountry "DEN"]
[BlackTeamCountry "FIN"]

1. d4 Nf6 2. Nf3 e6 3. Nc3 d5 4. Bf4 a6 5. Qd3 c5 6. e4 cxd4 7. Nxd4 Bb4 8. exd5 Nxd5 9. Bd2 Nxc3 10. Bxc3 Qa5 11. Be2 Bxc3+ 12. bxc3 Nd7 13. 0-0 Qc7 14. f4 0-0 15. Qf3 Rd8 16. Rae1 Nf8 17. f5 e5 18. Nb3 Nd7 19. c4 Nf6 20. g4 Bd7 21. g5 Bc6 22. Qh3 Ne4 23. g6 Nf6 24. Bd3 a5 25. gxh7+ Kh8 26. Nd2 Rd4 27. Re3 Rg4+ 28. Rg3 Qb6+ 29. Rf2 Rf4 30. Nf3 e4 31. Ne5 Qxf2+ 0-1

[Event "DEN-chT 1617 55th"]
[Site "Denmark"]
[Date "2016.10.30"]
[Round "2.1"]
[White "Nielsen, Niels Peter"]
[Black "Ejsing, Esben"]
[Result "1/2-1/2"]
[WhiteElo "2068"]
[BlackElo "2203"]
[PlyCount "115"]
[EventDate "2016.10.29"]
[EventType "team-tourn"]
[EventRounds "9"]
[EventCountry "DEN"]
[SourceTitle "EXT 2018"]
[Source "ChessBase"]
[SourceDate "2017.10.13"]
[SourceVersion "1"]
[SourceVersionDate "2017.10.13"]
[SourceQuality "1"]
[WhiteTeam "Hillerod"]
[BlackTeam "Nordkalotten"]
[WhiteTeamCountry "DEN"]
[BlackTeamCountry "DEN"]

1. e4 c5 2. Nf3 e6 3. Nc3 Nc6 4. d4 cxd4 5. Nxd4 Qc7 6. Be3 a6 7. Qd2 Nf6 8. f3 b5 9. Nxc6 dxc6 10. g3 e5 11. Bg2 Be6 12. 0-0 Be7 13. Rfd1 0-0 14. Qf2 Nd7 15. Ne2 b4 16. c3 a5 17. b3 a4 18. c4 Ra5 19. Rab1 Rfa8 20. f4 f6 21. f5 Bf7 22. g4 axb3 23. axb3 Ra2 24. Qe1 Bc5 25. Bxc5 Nxc5 26. Nc1 Rc2 27. Qxb4 Qa7 28. Kh1 Rb8 29. Qe1 Bxc4 30. Rd2 Qa5 31. b4 Qa4 32. Qd1 Rxd2 33. Qxd2 h6 34. h4 Nb7 35. Kh2 Rd8 36. Qc3 Rd4 37. Nb3 Qa3 38. Qb2 Qxb2 39. Rxb2 Bxb3 40. Rxb3 Nd6 41. Kg3 Nxe4+ 42. Bxe4 Rxe4 43. b5 cxb5 44. Rxb5 h5 45. g5 Rg4+ 46. Kh3 fxg5 47. hxg5 Rxg5 48. Rxe5 g6 49. Re6 gxf5 50. Kh4 Rg4+ 51. Kxh5 Kf7 52. Ra6 Rg8 53. Rb6 Ke7 54. Ra6 Rf8 55. Kg5 f4 56. Kg4 f3 57. Ra1 Ke6 58. Rf1 1/2-1/2

[Event "DEN-chT 1617 55th"]
[Site "Denmark"]
[Date "2016.10.29"]
[Round "1.1"]
[White "Ejsing, Esben"]
[Black "Andersen, Allan Erik Schmidt"]
[Result "1-0"]
[WhiteElo "2203"]
[BlackElo "1625"]
[PlyCount "61"]
[EventDate "2016.10.29"]
[EventType "team-tourn"]
[EventRounds "9"]
[EventCountry "DEN"]
[SourceTitle "EXT 2018"]
[Source "ChessBase"]
[SourceDate "2017.10.13"]
[SourceVersion "1"]
[SourceVersionDate "2017.10.13"]
[SourceQuality "1"]
[WhiteTeam "Nordkalotten"]
[BlackTeam "Skanderborg Nordea"]
[WhiteTeamCountry "DEN"]
[BlackTeamCountry "DEN"]

1. d4 d5 2. Nf3 Nf6 3. g3 e6 4. Bg2 c6 5. 0-0 Be7 6. c4 0-0 7. Nfd2 Nbd7 8. Nc3 dxc4 9. Nxc4 Nb6 10. Ne5 Nbd5 11. e4 Nxc3 12. bxc3 Qc7 13. Nd3 Rd8 14. Bf4 Qa5 15. Qb3 b6 16. e5 Nd5 17. Rfd1 Qxc3 18. Bxd5 Qxb3 19. Bxb3 Rxd4 20. Nb2 c5 21. Rxd4 cxd4 22. Rc1 Ba3 23. Rc2 Ba6 24. Nc4 Bb4 25. Nd6 d3 26. Rc7 d2 27. Bd1 f6 28. exf6 gxf6 29. Ne4 f5 30. Nf6+ Kf8 31. Bh6# 1-0

[Event "DEN-chT 1516 54th"]
[Site "Denmark"]
[Date "2016.03.06"]
[Round "9.4"]
[White "Grubert, Christian"]
[Black "Ejsing, Esben"]
[Result "0-1"]
[WhiteElo "2155"]
[BlackElo "2194"]
[PlyCount "94"]
[EventDate "2015.10.31"]
[EventType "team-tourn"]
[EventRounds "9"]
[EventCountry "DEN"]
[SourceTitle "EXT 2017"]
[Source "ChessBase"]
[SourceDate "2016.10.25"]
[SourceVersion "1"]
[SourceVersionDate "2016.10.25"]
[SourceQuality "1"]
[WhiteTeam "Jetsmark"]
[BlackTeam "Nordkalotten"]
[WhiteTeamCountry "DEN"]
[BlackTeamCountry "DEN"]

1. e4 c5 2. Nf3 e6 3. d3 Nc6 4. g3 g6 5. Bg2 Bg7 6. 0-0 Nge7 7. c3 d5 8. Qe2 0-0 9. Nbd2 e5 10. exd5 Nxd5 11. Nc4 Re8 12. Re1 Bf5 13. Ng5 Nf4 14. gxf4 Bxd3 15. Qe3 exf4 16. Qxe8+ Qxe8 17. Rxe8+ Rxe8 18. Bd5 Re1+ 19. Kg2 Bf1+ 20. Kf3 Bxc4 21. Bxc4 Ne5+ 22. Kg2 Nxc4 23. Nf3 Rd1 24. Rb1 Bf6 25. b4 cxb4 26. Rxb4 Rxc1 27. Rxc4 Rxc3 28. Rxf4 Kg7 29. Ra4 a6 30. Nd2 Rc6 31. Ne4 b5 32. Ra3 Be7 33. Rd3 f5 34. Nc3 Kf7 35. Kf3 Bd6 36. h3 Be5 37. Ne2 Rd6 38. Ra3 g5 39. Ng3 Ke6 40. Ne2 h5 41. Rb3 Kd5 42. Nc1 Kc4 43. Ke2 Bc3 44. Kf3 b4 45. Ne2 Rd3+ 46. Kg2 Rd2 47. Ng3 Rxa2 0-1

[Event "DEN-chT 1516 54th"]
[Site "Denmark"]
[Date "2016.01.24"]
[Round "6.7"]
[White "Andersen, Soren Mikkel"]
[Black "Ejsing, Esben"]
[Result "1-0"]
[WhiteElo "2122"]
[BlackElo "2194"]
[PlyCount "97"]
[EventDate "2015.10.31"]
[EventType "team-tourn"]
[EventRounds "9"]
[EventCountry "DEN"]
[SourceTitle "CBM 170 Extra"]
[Source "ChessBase"]
[SourceDate "2016.02.25"]
[SourceVersion "1"]
[SourceVersionDate "2016.02.25"]
[SourceQuality "1"]
[WhiteTeam "Bronshoj"]
[BlackTeam "Nordkalotten"]
[WhiteTeamCountry "DEN"]
[BlackTeamCountry "DEN"]

1. d4 Nf6 2. c4 e6 3. Nc3 Bb4 4. Qc2 b6 5. e4 Bb7 6. e5 Ng8 7. a3 Bf8 8. f4 Ne7 9. Bd3 d5 10. c5 Nec6 11. Nce2 bxc5 12. dxc5 a5 13. Nf3 Ba6 14. Be3 Nd7 15. Bxa6 Rxa6 16. 0-0 Be7 17. Kh1 Qa8 18. Rac1 a4 19. Ne1 0-0 20. Nd3 Rb8 21. Nd4 Ra5 22. Nxc6 Qxc6 23. Rf3 Rb3 24. Rh3 g6 25. f5 Qb5 26. fxe6 fxe6 27. Nf4 Rxb2 28. Qd1 Nf8 29. Nxd5 Qd7 30. Nxe7+ Qxe7 31. Qd3 Rab5 32. Qc4 Rb1 33. Rf3 Nd7 34. Rff1 R1b3 35. Qxa4 Nxe5 36. Qa8+ Rb8 37. Qe4 Nf7 38. Ra1 Qd7 39. Rfd1 Qb5 40. Bg1 Rb2 41. a4 Qa6 42. Rd7 R2b4 43. Qe1 Qc6 44. Rd4 Rb2 45. Rd2 Ne5 46. Rxb2 Rxb2 47. Qg3 Nd3 48. Rd1 Nf4 49. Rd8+ 1-0

[Event "DEN-chT 1516 54th"]
[Site "Denmark"]
[Date "2016.01.10"]
[Round "5.7"]
[White "Ochsner, Thomas"]
[Black "Ejsing, Esben"]
[Result "1/2-1/2"]
[WhiteElo "2326"]
[BlackElo "2194"]
[PlyCount "63"]
[EventDate "2015.10.31"]
[EventType "team-tourn"]
[EventRounds "9"]
[EventCountry "DEN"]
[SourceTitle "CBM 170 Extra"]
[Source "ChessBase"]
[SourceDate "2016.02.25"]
[SourceVersion "1"]
[SourceVersionDate "2016.02.25"]
[SourceQuality "1"]
[WhiteTeam "Aarhus/Skolerne"]
[BlackTeam "Nordkalotten"]
[WhiteTeamCountry "DEN"]
[BlackTeamCountry "DEN"]

1. e4 e5 2. Nf3 Nc6 3. Bc4 Be7 4. d4 d6 5. Nc3 Nf6 6. dxe5 Nxe5 7. Nxe5 dxe5 8. Qxd8+ Bxd8 9. Be3 c6 10. a4 Bb6 11. Ke2 Be6 12. Bxe6 fxe6 13. Rhd1 Ke7 14. a5 Bxe3 15. Kxe3 Rhd8 16. a6 b5 17. Na2 Rxd1 18. Rxd1 Rd8 19. Rxd8 Kxd8 20. Nb4 Kc7 21. Nd3 Nd7 22. f4 Kb6 23. f5 exf5 24. exf5 Kxa6 25. Ke4 Kb6 26. Nxe5 Nf6+ 27. Kd4 c5+ 28. Kd3 Kc7 29. c4 Kd6 30. Nf7+ Ke7 31. Ne5 Kd6 32. Nf7+ 1/2-1/2